| 000 | 00450nam a2200181Ia 4500 | ||
|---|---|---|---|
| 008 | 131103s9999 xx 000 0 und d | ||
| 020 | _a35230352 | ||
| 040 | _aLoreto College | ||
| 041 | _aEnglish | ||
| 082 |
_aF/DEN _bLCBED/10557 |
||
| 100 | _aDenker,Henry | ||
| 245 | 4 |
_aThe experiment _cHenry Denker |
|
| 260 |
_aLondon _bW.H.Allen _c1979 |
||
| 300 |
_a256 p. _c 18 cm. |
||
| 650 | _aEnglish fiction | ||
| 850 | _aLCBED/F/DEN | ||
| 942 | _cBK | ||
| 999 |
_c32558 _d83037 |
||